Nazwane lokacje Fortnite Battle Royale rozdział 5 sezon 2 - Statystyki

Ogólne statystyki
  • Ten quiz został rozwiązany 107 razy
  • Średni wynik to 7 z 13
Statystyki odpowiedzi
1 litera Nazwa lokacji % Poprawnych
G Góra Olimp
88%
K Karkołomne Koleje
70%
Z Zaświaty
68%
W Wojownicze Włości
55%
P Przyjemna Piazza
54%
B Baza Buntowników
52%
W Wielki Lodowiec
52%
K Królewskie Korty
48%
P Posępne Przejście
42%
S Sklecone Slajdy
42%
S Szpanerski Step
42%
P Posiadłość przepychu
41%
S Szermiercze Sady
41%
Nie znaleziono quizów pasujących do podanych kryteriów
Rozkład punktacji
Procent ludzi z każdym wynikiem
Percentyl według liczby udzielonych odpowiedzi
Twoja historia wyników
Nie rozwiązałeś tego quizu